000 00912nam a22002417a 4500
999 _c15734
_d15734
003 MIRAKIL
005 20240321152203.0
008 240321b tu ||||| |||| 00| 0 tur d
020 _a9789751745484
040 _aTR-AnCHP
_cTR-AnCHP
041 _atur
082 _a420
_bÜ77e 2020
100 _aÜstünel, Özen Yaylagül
245 1 0 _aEdim bilimi bakış açısıyla :
_bKutadgu Bilig /
_cÖzen Yaylagül Üstünel ; metin denetimi: Zehra Apiş.
260 _aAnkara :
_bTürk Dil Kurumu,
_c2020.
300 _a288 sayfa ;
_c24 cm.
490 0 _aAtatürk Kültür, Dil ve Tarih Yüksek Kurumu Türk Tarih Kurumu yayınları ;
_v1339.
500 _aKarahanlı Türkçesi metin içerir.
504 _aKaynakça: sayfa [281]-288.
650 0 _97785
_aEski Türk yazıtları
_xİnceleme
856 _zDijital Nüshası için Partimizin Kütüphane Sorumlusu ile iletişime geçiniz.
942 _2ddc
_cBKS